000 00357nam a22001457a 4500
008 230331b |||||||| |||| 00| 0 eng d
020 _a978-1-4091-5212-5
082 _a813.54
100 _aRainbow Rowell
245 _aLandline
260 _bOrion Publishing,
_c2015
300 _a356 p.
_c19.5 cm
942 _2ddc
999 _c9444
_d9445